Statystyki dla Najmniejsze państwa z kolorem czerwonym na fladze

Kliknij tutaj aby rozwiązać quiz!

Ogólne statystyki

  • Ten quiz został rozwiązany 13 razy
  • Średni wynik to 7 z 15

Statystyki odpowiedzi

PowierzchniaOdpowiedź% Poprawnych
2,02Monako
92%
316Malta
75%
0,44Watykan
75%
160Liechtenstein
58%
468Andora
50%
747Tonga
50%
442Antigua i Barbuda
42%
455Seszele
42%
26Tuvalu
42%
344Grenada
33%
298Malediwy
33%
261Saint Kitts i Nevis
33%
693Singapur
33%
620Bahrajn
25%
751Dominika
25%

Rozkład punktacji

Percentyl według liczby udzielonych odpowiedzi

Procent ludzi z każdym wynikiem

Twoja historia wyników

Nie rozwiązałeś tego quizu